Du traitement homoeopatique du cholera (Registro nro. 162825)

Detalles MARC
000 -LEADER
campo de control de longitud fija 00743nam a22001935i 4500
001 - NÚMERO DE CONTROL
campo de control 162825
003 - IDENTIFICADOR DE NÚMERO DE CONTROL
campo de control ES-MaACL
005 - FECHA Y HORA DE LA ÚLTIMA TRANSACCIÓN
campo de control 20250901032930.0
008 - DATOS DE LONGITUD FIJA--INFORMACIÓN GENERAL
campo de control de longitud fija 050704s1832 sp |||| | spa d
040 ## - FUENTE DE CATALOGACIÓN
Centro catalogador/agencia de origen CAM
Lengua de catalogación spa
Centro/agencia transcriptor CAM
100 1# - ENTRADA PRINCIPAL--NOMBRE DE PERSONA
Nombre de persona Quin, Frederic Hervey Foster (
Fechas asociadas al nombre 1799-1878)
9 (RLIN) 131522
245 10 - MENCIÓN DEL TÍTULO
Título Du traitement homoeopatique du cholera
Resto del título : avec notes et appendice /
Mención de responsabilidad, etc. par F. F. Quin.
260 ## - PUBLICACIÓN, DISTRIBUCIÓN, ETC.
Lugar de publicación, distribución, etc. Paris ;
-- A Londres :
Nombre del editor, distribuidor, etc. chez J.-B. Baillière, libraire,
Fecha de publicación, distribución, etc. 1832 (
Fabricante Imprimerie d'Hippolyte Tilliard)
300 ## - DESCRIPCIÓN FÍSICA
Extensión 64 p. ;
Dimensiones 22 cm.
650 #4 - PUNTO DE ACCESO ADICIONAL DE MATERIA--TÉRMINO DE MATERIA
Término de materia o nombre geográfico como elemento de entrada Homeopatía.
9 (RLIN) 13463
650 #7 - PUNTO DE ACCESO ADICIONAL DE MATERIA--TÉRMINO DE MATERIA
Término de materia o nombre geográfico como elemento de entrada Cólera
Fuente del encabezamiento o término embne
9 (RLIN) 11143
852 ## - LOCALIZACIÓN
Ubicación ES-MaACL
Número de control de estantería T-484-F-3
Nota libre -- Enc. hol., falto de la cub. original
-- -- Enc. en un vol. facticio
Existencias
Estatus retirado Estado de pérdida Estado de daño No para préstamo Colección Biblioteca de origen Biblioteca actual Ubicación en estantería Fecha de adquisición Total de préstamos Signatura topográfica completa Código de barras Visto por última vez Precio de reemplazo Tipo de ítem Koha
        Colección de folletos Biblioteca del Ateneo de Madrid Biblioteca del Ateneo de Madrid Depósito folletos 17/01/2008   T-484-F-3 1170595 23/02/2023 23/02/2023 Folleto